El poder mágico de la voluntad

Análisis sobre el problema filosófico de la voluntad, sus alcances y sus límites, estableciendo algunos principios fundamentales para la plena utilización de las fuerzas mentales que están en constante proyección hacia efectos prácticos. Entre las cuestiones que se desarrollan se encuentra el método...

Descripció completa

Guardat en:
Dades bibliogràfiques
Autor principal: Bristol, Claude M.
Format: Llibre
Idioma:Undetermined
Publicat: Buenos Aires, Argentina Editorial Central 1976
Matèries:
Etiquetes: Afegir etiqueta
Sense etiquetes, Sigues el primer a etiquetar aquest registre!

MARC

LEADER 00000nam a2200000Ia 4500
008 170316s9999 xx 000 0 und d
040 |a cru BVZT 
090 |a 100 B-61p 
100 |a Bristol, Claude M.  |9 1557 
245 |a El poder mágico de la voluntad 
260 |a Buenos Aires, Argentina  |b Editorial Central  |c 1976 
300 |a 191 páginas 
520 |a Análisis sobre el problema filosófico de la voluntad, sus alcances y sus límites, estableciendo algunos principios fundamentales para la plena utilización de las fuerzas mentales que están en constante proyección hacia efectos prácticos. Entre las cuestiones que se desarrollan se encuentra el método, es decir, el cómo logró “descubrir el poder mágico de la voluntad”; la potencia dinamizante de la voluntad para la acción del ser humano y su posibilidad de éxito en la sociedad; así como una teoría sobre la inserción de la voluntad en la vida psíquica y un método para su ejercicio y regulación 
650 |a FILOSOFÍA  |9 5 
650 |a ÉTICA  |9 104 
999 |c 15780  |d 15780 
942 |c 15 D  |h 100 B-61p  |2 z